[Event "Oberjoch"]
[Site "?"]
[Date "2002.??.??"]
[Round "3"]
[White "Laux, Dieter"]
[Black "Gerhardt, Peter-Michael"]
[Result "0-1"]
[WhiteElo "1369"]
[BlackElo "2122"]
[Annotator "ChessOrg"]
[PlyCount "76"]

1. f4 Nf6 2. d3 d5 3. Nf3 e6 4. g3 Be7 5. Bg2 O-O 6. Ne5 c5 7. O-O Nbd7 8. Nxd7
Bxd7 9. e4 dxe4 10. dxe4 Bb5 11. Qxd8 Rfxd8 12. Re1 c4 13. Nc3 Bb4 14. Nxb5
Bxe1 15. Be3 Bd2 16. Bxa7 Rxa7 17. Nxa7 Be3+ 18. Kf1 Bxa7 19. e5 Nd5 20. Ke2
Kf8 21. Rd1 Ke7 22. a4 Bc5 23. f5 b6 24. Bxd5 Rxd5 25. Rxd5 exd5 26. b3 Bd4 27.
f6+ gxf6 28. exf6+ Bxf6 29. bxc4 dxc4 30. Ke3 Kd6 31. Ke4 Kc5 32. g4 Kb4 33.
Kd5 c3 34. h3 Kxa4 35. Kc4 b5+ 36. Kd3 Ka3 37. Ke2 b4 38. Kd1 Kb2 0-1

[Event "Oberjoch"]
[Site "?"]
[Date "2002.??.??"]
[Round "3"]
[White "Kuerten, Jens"]
[Black "Sakowski, Christian"]
[Result "1-0"]
[WhiteElo "2016"]
[BlackElo "1715"]
[Annotator "ChessOrg"]
[PlyCount "129"]

1. e4 c6 2. c4 d5 3. cxd5 cxd5 4. exd5 Nf6 5. Nc3 Nxd5 6. Bc4 Nb6 7. Bb3 Nc6 8.
Qf3 Ne5 9. Qe4 Nd3+ 10. Kf1 e6 11. Bc2 Nxc1 12. Rxc1 Bc5 13. Nf3 Nd7 14. Nd5
Bd6 15. d4 Rb8 16. Ne3 Nf6 17. Qh4 Bd7 18. d5 Bb5+ 19. Kg1 Nxd5 20. Nxd5 Qxh4
21. Nxh4 exd5 22. Nf5 Kd7 23. Nxg7 Be5 24. Nh5 Kd6 25. Bf5 Bd7 26. Bxd7 Kxd7
27. Rd1 Bxb2 28. Rxd5+ Kc6 29. Rf5 Rbd8 30. g3 Rd5 31. Rxd5 Kxd5 32. Kg2 Kc4
33. Rd1 Bd4 34. Rc1+ Kb4 35. Nf4 b5 36. Rc2 Re8 37. Nd3+ Ka5 38. Kf3 Re7 39. h4
f6 40. Nc1 Kb6 41. Nb3 Be5 42. Kg4 Rd7 43. f4 Bc7 44. Kf5 Rd6 45. Re2 Bd8 46.
Re6 Kc7 47. g4 Rd5+ 48. Ke4 Rd1 49. Nd4 Re1+ 50. Kd5 Rd1 51. Kc5 Kd7 52. Rd6+
Ke8 53. Kxb5 Bb6 54. Nf5 Rxd6 55. Nxd6+ Kd7 56. Nc4 Bf2 57. h5 Ke6 58. Kc6 f5
59. g5 Bg3 60. g6 hxg6 61. h6 Kf6 62. Ne5 Bxf4 63. h7 Kg7 64. h8=Q+ Kxh8 65.
Nxg6+ 1-0

[Event "Oberjoch"]
[Site "?"]
[Date "2002.??.??"]
[Round "3"]
[White "Hemmers, Johann"]
[Black "Oettel, Lothar"]
[Result "1/2-1/2"]
[WhiteElo "1837"]
[BlackElo "1878"]
[Annotator "ChessOrg"]
[PlyCount "134"]

1. d4 Nf6 2. c4 c5 3. e3 g6 4. Nc3 Bg7 5. Nf3 O-O 6. Be2 b6 7. O-O Bb7 8. d5 d6
9. e4 e6 10. dxe6 fxe6 11. Qd3 Nc6 12. Bf4 e5 13. Bg5 Nd4 14. Nxd4 cxd4 15. Nd5
Bxd5 16. cxd5 Qd7 17. h3 h5 18. Rac1 Rac8 19. Bxf6 Bxf6 20. Qb5 Qxb5 21. Bxb5
Rc5 22. Bd7 Bg5 23. Rxc5 bxc5 24. Bb5 Rb8 25. a4 a6 26. Bxa6 Rxb2 27. Rd1 Rb4
28. Ra1 c4 29. Kf1 d3 30. Ke1 d2+ 31. Kd1 c3 32. Bd3 Bh4 33. g3 Bd8 34. a5 Rb7
35. a6 Ra7 36. Rb1 Ba5 37. Rb5 Bc7 38. Rb3 Ba5 39. Kc2 Kg7 40. Rb7+ Rxb7 41.
axb7 Bc7 42. Be2 Kf7 43. Kxc3 Ke7 44. Kxd2 Bb8 45. Bb5 Kd8 46. Ke2 h4 47. gxh4
Kc7 48. Be8 Kxb7 49. Bxg6 Bc7 50. h5 Bd8 51. h6 Bf6 52. Kf3 Kc7 53. Kg4 Kd7 54.
Kf5 Ke7 55. h7 Bh8 56. h4 Bf6 57. Bh5 Bh8 58. Kg6 Kf8 59. Bg4 Ke7 60. Be6 Kf8
61. h5 Ke7 62. h6 Kf8 63. Bc8 Ke7 64. Kf5 Bf6 65. Kg6 Bh8 66. Bh3 Kf8 67. Kg5
Ke7 1/2-1/2

[Event "Oberjoch"]
[Site "?"]
[Date "2002.??.??"]
[Round "3"]
[White "Bullock, Alfred"]
[Black "Wolf, Rudolf"]
[Result "0-1"]
[WhiteElo "1545"]
[BlackElo "1450"]
[Annotator "ChessOrg"]
[PlyCount "126"]

1. e4 c5 2. c3 d5 3. d3 dxe4 4. dxe4 Qxd1+ 5. Kxd1 Nc6 6. Be3 b6 7. Bb5 Bb7 8.
Nd2 Nf6 9. f3 a6 10. Bxc6+ Bxc6 11. Ne2 e6 12. Kc2 Be7 13. Rad1 b5 14. Nb3 Nd7
15. Na5 Rc8 16. Nxc6 Rxc6 17. Rd2 Nb6 18. b3 O-O 19. Rhd1 h6 20. g3 Ra8 21. Bf4
a5 22. Bd6 Bxd6 23. Rxd6 Rac8 24. Rxc6 Rxc6 25. Nf4 a4 26. Rd8+ Kh7 27. Rb8
axb3+ 28. axb3 b4 29. Rb7 Kg8 30. c4 g6 31. Rb8+ Kg7 32. Rd8 Rc7 33. e5 Nd7 34.
Nd3 Ra7 35. Kb2 g5 36. f4 Rc7 37. Nf2 gxf4 38. gxf4 h5 39. Ne4 f6 40. Nd6 Ra7
41. Re8 fxe5 42. fxe5 Nxe5 43. Rxe6 Nd3+ 44. Kc2 Nf4 45. Re5 Ra2+ 46. Kb1 Rxh2
47. Rxc5 Rh3 48. Rc7+ Kf6 49. Ka2 Rh2+ 50. Ka1 Ne2 51. Rb7 Nc3 52. Ra7 Rh1+ 53.
Kb2 Ke6 54. c5 Kd5 55. Nb7 Kc6 56. Ra6+ Kxb7 57. Rb6+ Kc7 58. Rxb4 Nd5 59. Rc4
h4 60. b4 Kc6 61. Kb3 Kb5 62. Rd4 Rh3+ 63. Kb2 Nxb4 0-1

[Event "Oberjoch"]
[Site "?"]
[Date "2002.??.??"]
[Round "3"]
[White "Oser, Thor"]
[Black "Wagner, Klaus"]
[Result "1/2-1/2"]
[WhiteElo "1684"]
[BlackElo "1407"]
[Annotator "ChessOrg"]
[PlyCount "70"]

1. g3 c6 2. d4 d5 3. Bg2 Bf5 4. Nd2 Nf6 5. Ngf3 e6 6. h3 h6 7. Ne5 Qb6 8. c3
Bd6 9. g4 Bh7 10. f4 Be4 11. Nxe4 Nxe4 12. Bxe4 dxe4 13. Qc2 Bxe5 14. fxe5 Nd7
15. Qxe4 O-O-O 16. Qc2 c5 17. Be3 Qc6 18. O-O-O b6 19. h4 f6 20. exf6 Nxf6 21.
Rhg1 Nd5 22. Bd2 c4 23. g5 b5 24. Rdf1 a5 25. Rf7 b4 26. e4 Nb6 27. Rxg7 a4 28.
gxh6 b3 29. axb3 axb3 30. Qb1 Nd7 31. e5 Nxe5 32. dxe5 Rxd2 33. Kxd2 Rd8+ 34.
Ke1 Qf3 35. Rg8 Qe3+ 1/2-1/2

[Event "Oberjoch"]
[Site "?"]
[Date "2002.??.??"]
[Round "3"]
[White "Kumeth, Hartmut"]
[Black "Suess, Horst"]
[Result "1-0"]
[WhiteElo "1643"]
[BlackElo "1400"]
[Annotator "ChessOrg"]
[PlyCount "85"]

1. d4 Nf6 2. c4 e6 3. Nf3 d5 4. e3 c6 5. cxd5 cxd5 6. Bb5+ Bd7 7. Bxd7+ Nbxd7
8. O-O Be7 9. Nbd2 O-O 10. b3 Rc8 11. Bb2 Nb8 12. Ne5 Bd6 13. Rc1 Qa5 14. a4
Bxe5 15. dxe5 Nfd7 16. Qe2 Nc6 17. f4 Ne7 18. Ba3 Qd8 19. Rxc8 Nxc8 20. Bxf8
Nxf8 21. Rc1 a6 22. Nf3 h6 23. Qd3 Ne7 24. e4 Nfg6 25. g3 Qb6+ 26. Qd4 Qxb3 27.
Nd2 Qa3 28. Ra1 Nc6 29. Rxa3 Nxd4 30. exd5 exd5 31. Rd3 Nc6 32. Rxd5 Nge7 33.
Rd7 b5 34. axb5 axb5 35. Nb3 Kf8 36. Kf2 Ke8 37. Rd6 g6 38. Nd4 Nxd4 39. Rxd4
Nc6 40. Rd6 Na7 41. Ra6 Nc8 42. Ra8 Kd7 43. Rb8 1-0

[Event "Oberjoch"]
[Site "?"]
[Date "2002.??.??"]
[Round "4"]
[White "Ketzscher, Roland"]
[Black "Trumpf, Walter"]
[Result "1/2-1/2"]
[WhiteElo "2197"]
[BlackElo "2105"]
[Annotator "ChessOrg"]
[PlyCount "84"]

1. d4 Nf6 2. c4 g6 3. Nc3 d5 4. Nf3 Bg7 5. Qb3 dxc4 6. Qxc4 O-O 7. e4 b6 8. e5
Ba6 9. exf6 Bxc4 10. fxg7 Kxg7 11. Bxc4 c6 12. a4 Nd7 13. O-O Nf6 14. Bf4 Nh5
15. Be5+ Kg8 16. Rfd1 Qd7 17. Rac1 Rad8 18. d5 Qg4 19. Rd4 Qc8 20. dxc6 Rxd4
21. Nxd4 Rd8 22. c7 Rd7 23. Bb5 Rxc7 24. Bxc7 Qxc7 25. Nc6 e6 26. Ne2 Kg7 27.
h3 Nf4 28. Nxf4 Qxf4 29. Rd1 a6 30. Be2 Qxa4 31. Bf3 Qc2 32. b4 Qc3 33. Kh2 a5
34. bxa5 bxa5 35. Rd4 Qa1 36. Rd7 a4 37. Nd8 a3 38. Nxe6+ Kf6 39. Nd4 a2 40.
Bd5 Qxd4 41. Rxf7+ Kg5 42. Bxa2 Qb2 1/2-1/2

[Event "Oberjoch"]
[Site "?"]
[Date "2002.??.??"]
[Round "4"]
[White "Fischer, Roger"]
[Black "Johannsen, Torsten"]
[Result "1/2-1/2"]
[WhiteElo "2161"]
[BlackElo "2017"]
[Annotator "ChessOrg"]
[PlyCount "45"]

1. Nf3 Nf6 2. c4 b6 3. g3 Bb7 4. Bg2 g6 5. Nc3 Bg7 6. O-O O-O 7. d4 d6 8. Qc2
Nbd7 9. e4 e5 10. Rd1 Qe7 11. b3 c5 12. dxe5 dxe5 13. Nd5 Nxd5 14. cxd5 Nf6 15.
Bb2 Ne8 16. Nd2 Nd6 17. Nc4 Rad8 18. a4 f5 19. Nxd6 Qxd6 20. Qc4 Kh8 21. a5 Bc8
22. axb6 axb6 23. f3 1/2-1/2

[Event "Oberjoch"]
[Site "?"]
[Date "2002.??.??"]
[Round "4"]
[White "Schmidt, Werner"]
[Black "Aigner, Georg"]
[Result "0-1"]
[WhiteElo "1988"]
[BlackElo "1787"]
[Annotator "ChessOrg"]
[PlyCount "62"]

1. e4 e5 2. Nf3 Nc6 3. d4 exd4 4. Nxd4 Bc5 5. Be3 Qf6 6. Nxc6 Bxe3 7. fxe3 Qxb2
8. Qd4 Qc1+ 9. Ke2 Qxc2+ 10. Nd2 Qxc6 11. Qxg7 Qf6 12. Qxf6 Nxf6 13. Rc1 c6 14.
Kf3 b5 15. e5 Nd5 16. Ne4 a5 17. Nd6+ Ke7 18. Ke4 Rg8 19. h3 f6 20. Nf5+ Ke6
21. Nd4+ Kf7 22. Nf5 Rg6 23. Nd6+ Ke6 24. Nxc8 Rxc8 25. Bxb5 f5+ 26. Kd4 Rxg2
27. Bc4 Rd2+ 28. Kc5 Kxe5 29. Bxd5 cxd5+ 30. Kb6 Rxc1 31. Rxc1 Rxa2 0-1

[Event "Oberjoch"]
[Site "?"]
[Date "2002.??.??"]
[Round "4"]
[White "Stark, Ingo"]
[Black "Kuerten, Jens"]
[Result "1-0"]
[WhiteElo "2187"]
[BlackElo "2016"]
[Annotator "ChessOrg"]
[PlyCount "37"]

1. e4 Nf6 2. e5 Nd5 3. d4 d6 4. f4 Bf5 5. Nf3 e6 6. Bd3 Bxd3 7. Qxd3 Be7 8. O-O
dxe5 9. fxe5 O-O 10. c4 Nb4 11. Qe4 c5 12. a3 Qa5 13. Bg5 N8c6 14. Nc3 cxd4 15.
axb4 Qxb4 16. Bxe7 Nxe7 17. Qxd4 Rfd8 18. Rxa7 Rac8 19. Qf2 1-0

[Event "Oberjoch"]
[Site "?"]
[Date "2002.??.??"]
[Round "4"]
[White "Gerhardt, Peter-Michael"]
[Black "Ten Berge, Hans"]
[Result "1/2-1/2"]
[WhiteElo "2122"]
[BlackElo "2133"]
[Annotator "ChessOrg"]
[PlyCount "41"]

1. Nf3 e6 2. c4 d5 3. d4 Nf6 4. Nc3 c5 5. Bg5 cxd4 6. Bxf6 gxf6 7. Nxd4 e5 8.
Nc2 d4 9. Nd5 Be6 10. e3 Bxd5 11. cxd5 Qxd5 12. exd4 Nc6 13. dxe5 Qa5+ 14. Qd2
Qxd2+ 15. Kxd2 Rd8+ 16. Kc3 fxe5 17. Bb5 Rc8 18. Rhe1 Bg7 19. Nb4 O-O 20. Nxc6
bxc6 21. Bc4 1/2-1/2

[Event "Oberjoch"]
[Site "?"]
[Date "2002.??.??"]
[Round "4"]
[White "Wolf, Rudolf"]
[Black "Hartmann, Rudi"]
[Result "1/2-1/2"]
[WhiteElo "1450"]
[BlackElo "1750"]
[Annotator "ChessOrg"]
[PlyCount "64"]

1. d4 d5 2. Nf3 Bf5 3. e3 e6 4. Bd3 Bxd3 5. Qxd3 c6 6. b3 Nf6 7. O-O Nbd7 8. c4
Bd6 9. c5 Bc7 10. Nbd2 O-O 11. Bb2 Qe7 12. b4 e5 13. dxe5 Nxe5 14. Bxe5 Bxe5
15. Rab1 a6 16. a4 Nd7 17. Rfc1 Bf6 18. Nb3 Ne5 19. Nxe5 Bxe5 20. Nd2 Qc7 21.
Nf3 Bf6 22. Qf5 Rfe8 23. Ng5 Bxg5 24. Qxg5 Re4 25. Rd1 h6 26. Qg3 Qxg3 27. hxg3
Rae8 28. Rd3 R8e7 29. Kf1 Rc4 30. Rbb3 a5 31. Rd4 Rxd4 32. exd4 axb4 1/2-1/2

[Event "Oberjoch"]
[Site "?"]
[Date "2002.??.??"]
[Round "4"]
[White "Oettel, Lothar"]
[Black "Kumeth, Hartmut"]
[Result "1-0"]
[WhiteElo "1878"]
[BlackElo "1643"]
[Annotator "ChessOrg"]
[PlyCount "63"]

1. d4 Nf6 2. Nf3 e6 3. c4 d5 4. Nc3 Be7 5. e3 O-O 6. cxd5 exd5 7. Bd3 Bg4 8.
Qc2 Bxf3 9. gxf3 c6 10. Rg1 Bd6 11. e4 Qc7 12. e5 Bxe5 13. dxe5 Qxe5+ 14. Ne2
Qxh2 15. Bg5 Nbd7 16. O-O-O Qxf2 17. Rdf1 Qb6 18. Ng3 Rfe8 19. Rh1 h6 20. Bd2
Qc5 21. Rfg1 Qxc2+ 22. Bxc2 h5 23. Nxh5 Nxh5 24. Rxh5 Re5 25. Rh3 f6 26. Bg6
Nf8 27. f4 Re2 28. f5 Nxg6 29. fxg6 Rae8 30. Rgh1 Kf8 31. Bb4+ R8e7 32. Rh8#
1-0

[Event "Oberjoch"]
[Site "?"]
[Date "2002.??.??"]
[Round "4"]
[White "Sakowski, Christian"]
[Black "Hemmers, Johann"]
[Result "1-0"]
[WhiteElo "1715"]
[BlackElo "1837"]
[Annotator "ChessOrg"]
[PlyCount "57"]

1. d4 Nf6 2. Nf3 d5 3. c4 e6 4. Nc3 Be7 5. Bg5 Nbd7 6. e3 h6 7. Bh4 O-O 8. Bd3
dxc4 9. Bxc4 a6 10. Rc1 b5 11. Bd3 Bb7 12. O-O c5 13. dxc5 Nxc5 14. Bb1 Rc8 15.
Qxd8 Rfxd8 16. Rfd1 b4 17. Ne2 Rxd1+ 18. Rxd1 Na4 19. b3 Nc3 20. Nxc3 bxc3 21.
Bc2 g5 22. Bg3 Ne4 23. Rd7 Bc6 24. Rxe7 Nxg3 25. hxg3 Kf8 26. Ra7 Ke8 27. Ne5
Bb5 28. Nxf7 Kf8 29. a4 1-0

[Event "Oberjoch"]
[Site "?"]
[Date "2002.??.??"]
[Round "4"]
[White "Mannaberg, Steffen"]
[Black "Laux, Dieter"]
[Result "1-0"]
[WhiteElo "1765"]
[BlackElo "1369"]
[Annotator "ChessOrg"]
[PlyCount "71"]

1. d4 f5 2. Nf3 Nf6 3. c3 d6 4. Qc2 g6 5. e3 Bg7 6. Bd3 Nbd7 7. Ng5 Nb6 8. Nd2
h6 9. Ngf3 e6 10. e4 Qe7 11. O-O Bd7 12. exf5 gxf5 13. Re1 f4 14. Nh4 Qd8 15.
Ng6 Rg8 16. Nxf4 Qe7 17. Bg6+ Kd8 18. Nf3 c6 19. Qe2 Bf8 20. Bd3 Qg7 21. g3
Nbd5 22. Nxe6+ Bxe6 23. Qxe6 Kc7 24. Bd2 Nh5 25. Bxh6 Qh8 26. Qf7+ Kb6 27. a4
a6 28. a5+ Ka7 29. Bd2 Nhf6 30. c4 Rg7 31. Qe6 Re8 32. Qf5 Ne7 33. Rxe7 Rexe7
34. d5 Ref7 35. Ng5 Re7 36. Qxf6 1-0

[Event "Oberjoch"]
[Site "?"]
[Date "2002.??.??"]
[Round "4"]
[White "Wagner, Klaus"]
[Black "Bullock, Alfred"]
[Result "1-0"]
[WhiteElo "1407"]
[BlackElo "1545"]
[Annotator "ChessOrg"]
[PlyCount "57"]

1. e4 d6 2. Be2 Nf6 3. d3 e5 4. Nc3 Be7 5. Be3 c6 6. Nf3 O-O 7. Nd2 d5 8. exd5
cxd5 9. d4 e4 10. O-O Be6 11. f4 exf3 12. Bxf3 Nc6 13. a3 Rc8 14. b4 Nxb4 15.
axb4 Rxc3 16. Bg5 Qc7 17. Nb3 b6 18. Bh5 Rxc2 19. Nc5 Bxc5 20. bxc5 Rc4 21.
Rxf6 gxf6 22. Bh6 Qe7 23. Qf3 Kh8 24. cxb6 axb6 25. Qg3 Rg8 26. Qb3 Bg4 27.
Bxg4 Rxg4 28. Ra8+ Rg8 29. Rxg8+ 1-0

[Event "Oberjoch"]
[Site "?"]
[Date "2002.??.??"]
[Round "4"]
[White "Suess, Horst"]
[Black "Oser, Thor"]
[Result "0-1"]
[WhiteElo "1400"]
[BlackElo "1684"]
[Annotator "ChessOrg"]
[PlyCount "76"]

1. e4 c5 2. Nf3 Nc6 3. Bc4 e6 4. d4 cxd4 5. Nxd4 a6 6. O-O Ne5 7. Bb3 Qh4 8. f3
Bd6 9. f4 Ng4 10. h3 h5 11. e5 Bc5 12. c3 Ne7 13. Nd2 Nf5 14. N2f3 Qg3 15. Qe1
Qxe1 16. Rxe1 Ngh6 17. Kh2 b5 18. Bc2 Bb7 19. b4 Nxd4 20. Nxd4 Bb6 21. a4 bxa4
22. Rxa4 Rc8 23. Ne2 Nf5 24. Bxf5 exf5 25. Bb2 h4 26. Nd4 Bxd4 27. cxd4 Rc2 28.
Rg1 Rxb2 29. d5 Bxd5 30. Rxa6 Ke7 31. Rd6 Bc6 32. Rd4 Rb8 33. Rc4 R8xb4 34.
Rxb4 Rxb4 35. Rd1 Rxf4 36. g3 Rf2+ 37. Kg1 Rg2+ 38. Kf1 Rxg3 0-1

[Event "Oberjoch"]
[Site "?"]
[Date "2002.??.??"]
[Round "5"]
[White "Trumpf, Walter"]
[Black "Aigner, Georg"]
[Result "1-0"]
[WhiteElo "2105"]
[BlackElo "1787"]
[Annotator "ChessOrg"]
[PlyCount "47"]

1. d4 d5 2. e4 dxe4 3. Nc3 Nf6 4. f3 Bf5 5. fxe4 Nxe4 6. Qf3 Nd6 7. Bf4 Bc8 8.
Bd3 Nc6 9. Nge2 Nb4 10. O-O Nxd3 11. Bxd6 f6 12. Ba3 Nxb2 13. Bxb2 Qd6 14. a4
Qb6 15. Ba3 c6 16. Rae1 h5 17. Qd3 Kf7 18. Nf4 Rh6 19. Qc4+ Ke8 20. Ne4 e5 21.
Qg8 Qxd4+ 22. Kh1 Qxa4 23. Qxf8+ Kd7 24. Qd6+ 1-0

[Event "Oberjoch"]
[Site "?"]
[Date "2002.??.??"]
[Round "5"]
[White "Fischer, Roger"]
[Black "Ketzscher, Roland"]
[Result "1/2-1/2"]
[WhiteElo "2161"]
[BlackElo "2197"]
[Annotator "ChessOrg"]
[PlyCount "46"]

1. Nf3 Nf6 2. c4 e6 3. g3 d5 4. b3 c6 5. Bb2 Nbd7 6. Bg2 Qc7 7. d4 Ne4 8. Nbd2
Ndf6 9. O-O Nxd2 10. Nxd2 Be7 11. Qc2 O-O 12. Rac1 Rd8 13. e4 Qd7 14. e5 Ne8
15. c5 b6 16. b4 Ba6 17. Rfe1 bxc5 18. bxc5 Rab8 19. Bc3 Rb7 20. Nb3 Rc8 21.
Na5 Rbb8 22. Rb1 Bd8 23. Bf1 Bxf1 1/2-1/2

[Event "Oberjoch"]
[Site "?"]
[Date "2002.??.??"]
[Round "5"]
[White "Johannsen, Torsten"]
[Black "Stark, Ingo"]
[Result "0-1"]
[WhiteElo "2017"]
[BlackElo "2187"]
[Annotator "ChessOrg"]
[PlyCount "72"]

1. c4 Nf6 2. Nc3 e6 3. e4 d5 4. e5 Ne4 5. Nxe4 dxe4 6. Qg4 Bd7 7. Qxe4 Na6 8.
a3 Bc6 9. Qe3 Bc5 10. Qg3 Qd4 11. d3 O-O-O 12. Nf3 Bxf3 13. gxf3 Bb6 14. Be2
Nc5 15. O-O Nb3 16. Rb1 Nxc1 17. Rfxc1 g5 18. c5 Bxc5 19. Rc4 Qd5 20. Rbc1 Bb6
21. Qg4 Qxe5 22. Qe4 Qf6 23. R1c2 Rd4 24. Rxd4 Bxd4 25. Bf1 Rd8 26. b3 Rd5 27.
Bh3 Re5 28. Qxh7 Qxf3 29. Qh8+ Kd7 30. Bxe6+ Kxe6 31. Qe8+ Kf6 32. Qh8+ Kf5 33.
Qh7+ Kg4 34. h3+ Qxh3 35. Qxh3+ Kxh3 36. Rxc7 Re1# 0-1

[Event "Oberjoch"]
[Site "?"]
[Date "2002.??.??"]
[Round "5"]
[White "Ten Berge, Hans"]
[Black "Wempe, Juergen"]
[Result "1/2-1/2"]
[WhiteElo "2133"]
[BlackElo "2167"]
[Annotator "ChessOrg"]
[PlyCount "29"]

1. e4 c5 2. Nf3 Nf6 3. Nc3 Nc6 4. d4 d5 5. exd5 Nxd5 6. Bb5 Nxc3 7. bxc3 cxd4
8. Nxd4 Bd7 9. O-O g6 10. Qe2 Bg7 11. Rd1 Nxd4 12. cxd4 Rc8 13. Ba3 Bxb5 14.
Qxb5+ Qd7 15. Qxd7+ 1/2-1/2

[Event "Oberjoch"]
[Site "?"]
[Date "2002.??.??"]
[Round "5"]
[White "Kuerten, Jens"]
[Black "Gerhardt, Peter-Michael"]
[Result "1-0"]
[WhiteElo "2016"]
[BlackElo "2122"]
[Annotator "ChessOrg"]
[PlyCount "37"]

1. e4 c5 2. Nc3 Nc6 3. g3 g6 4. Bg2 Bg7 5. Nge2 Nf6 6. d3 O-O 7. h3 Rb8 8. Be3
d6 9. Qd2 b5 10. O-O b4 11. Nd1 a5 12. f4 e5 13. fxe5 Nxe5 14. Bg5 Ned7 15. Qf4
Nh5 16. Qxf7+ Rxf7 17. Bxd8 Rxf1+ 18. Bxf1 Nb6 19. g4 1-0

[Event "Oberjoch"]
[Site "?"]
[Date "2002.??.??"]
[Round "5"]
[White "Hartmann, Rudi"]
[Black "Schmidt, Werner"]
[Result "0-1"]
[WhiteElo "1750"]
[BlackElo "1988"]
[Annotator "ChessOrg"]
[PlyCount "78"]

1. d4 Nf6 2. c4 e6 3. Nc3 Bb4 4. Qc2 O-O 5. a3 Bxc3+ 6. bxc3 d6 7. Nf3 Re8 8.
e4 e5 9. d5 Nbd7 10. Be3 b6 11. Bd3 Nf8 12. O-O Qd7 13. h3 Ng6 14. Kh2 Nf4 15.
Ng1 N6h5 16. f3 Ng6 17. Ne2 Qe7 18. Qd2 Rf8 19. g4 Nf6 20. Bg5 h6 21. Be3 a5
22. Ng3 Kh7 23. Rg1 Rh8 24. Nf5 Bxf5 25. exf5 Nf8 26. g5 hxg5 27. Qg2 g4 28.
fxg4 e4 29. Bc2 Qe5+ 30. Kh1 Qxc3 31. Qd2 Qxd2 32. Bxd2 Kg8 33. g5 N6d7 34.
Bxe4 Rxh3+ 35. Kg2 Rh4 36. Rae1 Re8 37. Bd3 Rxe1 38. Bxe1 Rg4+ 39. Kf2 Ne5 0-1

[Event "Oberjoch"]
[Site "?"]
[Date "2002.??.??"]
[Round "5"]
[White "Sakowski, Christian"]
[Black "Oettel, Lothar"]
[Result "1/2-1/2"]
[WhiteElo "1715"]
[BlackElo "1878"]
[Annotator "ChessOrg"]
[PlyCount "24"]

1. e4 c6 2. d4 d5 3. exd5 cxd5 4. Bd3 Nc6 5. c3 Nf6 6. Bf4 g6 7. Nd2 Bg7 8. h3
O-O 9. Ngf3 Nd7 10. O-O Qb6 11. Qb3 Qxb3 12. axb3 f6 1/2-1/2

[Event "Oberjoch"]
[Site "?"]
[Date "2002.??.??"]
[Round "5"]
[White "Wolf, Rudolf"]
[Black "Mannaberg, Steffen"]
[Result "0-1"]
[WhiteElo "1450"]
[BlackElo "1765"]
[Annotator "ChessOrg"]
[PlyCount "88"]

1. d4 Nf6 2. c4 g6 3. Nc3 Bg7 4. Nf3 d6 5. Bd2 c5 6. Qc1 Nc6 7. d5 Nb8 8. Bh6
O-O 9. Bxg7 Kxg7 10. e3 Bg4 11. Nd2 Na6 12. h3 Bd7 13. Be2 Nc7 14. a4 a6 15. a5
Rb8 16. Qb1 b5 17. axb6 Rxb6 18. O-O Qb8 19. b3 Qb7 20. Bd1 e6 21. e4 Re8 22.
dxe6 fxe6 23. Bf3 e5 24. Qd3 Ne6 25. Ne2 Rd8 26. g4 Bc6 27. Kh2 Nd4 28. Nxd4
cxd4 29. g5 Nd7 30. Qb1 Rf8 31. Kg3 Nc5 32. Ra3 Qf7 33. Qe1 Qf4+ 34. Kg2 Nxb3
35. Rxb3 Rxb3 36. Nxb3 Qxf3+ 37. Kh2 Qxb3 38. f4 Qc2+ 39. Kg3 Qxe4 40. Qxe4
Bxe4 41. Ra1 Rxf4 42. Rxa6 Rf3+ 43. Kg4 Rb3 44. Rxd6 Bf5+ 0-1

[Event "Oberjoch"]
[Site "?"]
[Date "2002.??.??"]
[Round "5"]
[White "Niedergesaess, Herbert"]
[Black "Wagner, Klaus"]
[Result "1-0"]
[WhiteElo "1906"]
[BlackElo "1407"]
[Annotator "ChessOrg"]
[PlyCount "105"]

1. c4 e5 2. Nc3 Nf6 3. g3 c6 4. Bg2 Bc5 5. e3 O-O 6. Nge2 d6 7. O-O a6 8. b3
Bg4 9. h3 Be6 10. Bb2 Qc7 11. d4 exd4 12. Nxd4 Bd7 13. Qd2 Ba7 14. Rfd1 Rd8 15.
Nde2 Be6 16. Rac1 c5 17. Nf4 Nc6 18. Ncd5 Bxd5 19. Bxf6 Bxg2 20. Bxd8 Rxd8 21.
Kxg2 Ne7 22. Nd5 Nxd5 23. Qxd5 Bb8 24. Rc2 Qe7 25. Rcd2 g6 26. Qf3 b5 27. cxb5
axb5 28. Rd5 Rc8 29. R5d2 c4 30. bxc4 bxc4 31. Rc2 Rc5 32. Rd5 Rc8 33. Rd4 c3
34. Rd3 Qe5 35. Qd5 Qxd5+ 36. Rxd5 Rc6 37. Rd3 Ba7 38. Rdxc3 Bc5 39. Rb3 Kg7
40. e4 f6 41. Rb7+ Kh6 42. Rf7 Kg5 43. h4+ Kh6 44. Rxf6 Bd4 45. Rxc6 Bxf6 46.
Rxd6 Be5 47. Rd7 Bb8 48. f4 g5 49. hxg5+ Kg6 50. Rb7 Bd6 51. Kf3 Bf8 52. Kg4
Bg7 53. f5# 1-0

[Event "Oberjoch"]
[Site "?"]
[Date "2002.??.??"]
[Round "5"]
[White "Kumeth, Hartmut"]
[Black "Laux, Dieter"]
[Result "1/2-1/2"]
[WhiteElo "1643"]
[BlackElo "1369"]
[Annotator "ChessOrg"]
[PlyCount "69"]

1. d4 f5 2. e4 d6 3. Nc3 fxe4 4. Nxe4 g6 5. Nf3 Bg4 6. h3 Bxf3 7. Qxf3 Nf6 8.
Nxf6+ exf6 9. Qxb7 Nd7 10. Qe4+ Be7 11. Bc4 Qc8 12. Bb5 Kd8 13. Qe6 c6 14. Bd3
Re8 15. O-O f5 16. Re1 Nf6 17. Qxc8+ Rxc8 18. Bd2 Kd7 19. c4 Bf8 20. f3 Bg7 21.
d5 Rxe1+ 22. Rxe1 c5 23. Bc3 Nh5 24. Bxg7 Nxg7 25. g4 Rf8 26. Kg2 fxg4 27. hxg4
Rf4 28. Re4 Rf7 29. Bc2 Kc7 30. Kg3 g5 31. Re2 h6 32. Rh2 Rf6 33. Re2 Kd8 34.
a3 a5 35. Bd3 1/2-1/2

[Event "Oberjoch"]
[Site "?"]
[Date "2002.??.??"]
[Round "6"]
[White "Stark, Ingo"]
[Black "Trumpf, Walter"]
[Result "1-0"]
[WhiteElo "2187"]
[BlackElo "2105"]
[Annotator "ChessOrg"]
[PlyCount "135"]

1. e4 c5 2. Nf3 Nc6 3. d4 cxd4 4. Nxd4 e5 5. Nb5 a6 6. Nd6+ Bxd6 7. Qxd6 Qf6 8.
Qd1 Qg6 9. Nc3 Nge7 10. h4 h5 11. Rh3 d5 12. Rg3 Bg4 13. f3 dxe4 14. Nxe4 Qxe4+
15. fxe4 Bxd1 16. Kxd1 Rd8+ 17. Rd3 O-O 18. c3 f5 19. exf5 Nxf5 20. Rxd8 Rxd8+
21. Ke1 Kf7 22. Bg5 Rd6 23. Bc4+ Kg6 24. Bb3 Nce7 25. Bc2 Kf7 26. Kf2 Rb6 27.
Bb3+ Ke8 28. Re1 Ng6 29. Rd1 Rd6 30. g3 Nge7 31. Re1 Nc6 32. Bc2 g6 33. Be4 Kf7
34. Bxc6 Rxc6 35. Rxe5 Rb6 36. b3 Rc6 37. c4 Rd6 38. Rd5 Ke6 39. Rxd6+ Kxd6 40.
Bf4+ Kc5 41. Be5 Kb4 42. Bb2 a5 43. Kf3 a4 44. bxa4 Kxc4 45. Kf4 Kd5 46. Bc3
Nd6 47. Bb4 Nf7 48. Bc3 Kc4 49. Bf6 Kd5 50. Bb2 Kc6 51. Ke4 Nd6+ 52. Kf4 Nf7
53. a5 Kd5 54. Bc3 Kc4 55. Be1 Kd5 56. Bf2 Ke6 57. Ke4 Kd6 58. Be3 Kc6 59. a4
Kd6 60. Kd4 Kc6 61. Bf4 Kd7 62. Kc5 Nd8 63. Kb6 Nc6 64. a6 bxa6 65. Kxa6 Nb4+
66. Kb6 Nc6 67. a5 Ne7 68. Kb7 1-0

[Event "Oberjoch"]
[Site "?"]
[Date "2002.??.??"]
[Round "6"]
[White "Aigner, Georg"]
[Black "Ketzscher, Roland"]
[Result "0-1"]
[WhiteElo "1787"]
[BlackElo "2197"]
[Annotator "ChessOrg"]
[PlyCount "138"]

1. e4 e6 2. d4 d5 3. Bd3 dxe4 4. Bxe4 Nf6 5. Bf3 Be7 6. Ne2 O-O 7. O-O c6 8.
Bg5 Nbd7 9. Nd2 e5 10. Ne4 Nxe4 11. Bxe7 Qxe7 12. Bxe4 Nf6 13. Bd3 Bg4 14. f3
Bh5 15. dxe5 Qxe5 16. Ng3 Bg6 17. Bxg6 hxg6 18. c3 Qb5 19. Qc2 Nd5 20. Rfe1 f5
21. Qe2 Qc5+ 22. Qf2 Qxf2+ 23. Kxf2 Nf4 24. Rad1 Rad8 25. Kf1 Kf7 26. Rxd8 Rxd8
27. Ne2 Ne6 28. Ng3 Nc5 29. f4 Rd2 30. Re2 Rd1+ 31. Kf2 Nd3+ 32. Ke3 c5 33. b3
b6 34. Rc2 Ne1 35. Re2 Kf6 36. Rb2 Rd8 37. Re2 Re8+ 38. Kf2 Nd3+ 39. Kf3 Rd8
40. Ke3 g5 41. fxg5+ Kxg5 42. Kf3 Rd5 43. Nf1 Ne5+ 44. Kf2 Ng4+ 45. Ke1 Rd7 46.
Nd2 Nxh2 47. g3 Ng4 48. a4 Kf6 49. Re8 Rd3 50. Ra8 Rxg3 51. Rxa7 Rxc3 52. Rb7
Re3+ 53. Kf1 f4 54. Rxb6+ Kg5 55. Rc6 f3 56. Rxc5+ Kh4 57. Rf5 Nh2+ 58. Kg1 Kg3
59. Rg5+ Kh4 60. Rxg7 Ng4 61. Rh7+ Kg5 62. Rg7+ Kh4 63. Rh7+ Kg5 64. Rg7+ Kh4
65. Rf7 f2+ 66. Kg2 Rg3+ 67. Kf1 Rg1+ 68. Ke2 Re1+ 69. Kd3 Ne5+ 0-1